Tutela sumaria de la posesin̤ (interdicto de recobrar) /

Bibliographic Details
Main Author: Lp̤ez Ps̀aro, Eduardo
Format: eBook
Language:Spanish
Published: Madrid: Dykinson, 2014
Subjects:
Online Access:Acceso restringido

MARC

LEADER 00000nam a22000007a 4500
005 2014102209579.0
007 cr|||| ||||
008 141022s2014 es |||||s|||| 00||0 spa d
020 |a 978-84-9085-116-6 
035 |a 12470 
040 |a vLex 
090 |c 5264  |d 5264 
100 1 |a Lp̤ez Ps̀aro, Eduardo 
245 1 0 |a Tutela sumaria de la posesin̤  |h [Recurso electrn̤ico] :  |b (interdicto de recobrar) /  |c Eduardo Lp̤ez Ps̀aro 
256 |a Servicio en ln̕ea 
260 |a Madrid:  |b Dykinson,  |c 2014 
300 |a 1 recurso electrn̤ico 
500 |a La posesin̤ y su defensa son figuras bs̀icas en nuestra regulacin̤ jurd̕ica. El despojo posesorio realizado sin derecho o, aun teniňdolo, mediante justicia de propia mano, apartǹdose de los cauces legales, afecta al orden pb︢lico y exige una resolucin̤ especf̕ica por los tribunales que desincentive tal autotutela, tanto al realizar el despojo si quien lo hace se cree con mejor derecho a poseer, o posteriores actuaciones del despojado para recuperar lo desposed̕o sin acudir a los tribunales. Se trata de evitar la ±ley del ms̀ fuerte». La tutela posesoria moderna protege las situaciones posesorias de hecho, cualquiera que fuera su origen o naturaleza, con independencia de que se tenga derecho, o no, a poseer. Para ello se configuran en la Ley de Enjuiciamiento Civil los procedimientos de tutela sumaria de la posesin̤, anteriormente denominados interdictos de recobrar, como especiales y sumarios, paralizando tal situacin̤ de fuerza y ordenando la restitucin̤ de lo desposed̕o, excluyendo de su cognicin̤ cualquier otra cuestin̤ de propiedad, titularidad dominical, o posesin̤ definitiva, a esperas de que quien tenga mejor derecho, lo reivindique posteriormente, si as ̕lo estima, mediante procedimiento plenario. Sin fuerza ni despojo. Este libro trata tal materia, sus org̕enes, evolucin̤ y, con mayor amplitud, su regulacin̤ actual, tratamiento procesal, y consideracin̤ por los tribunales. Para ello se analizan la especialidades de la tutela posesoria desde un punto de vista doctrinal y, sobre todo, prc̀tico, con anl̀isis de su casus̕tica, formalidades, y resultados. 
506 1 |a Disponible solo en los productos indicados  |d vLex Global  |d vLex Global (Academic Edition, excluding Law Schools)  |d vLex Global (U.S. Academic Edition, Law Schools)  |d vLex Global (U.S. Academic Edition, excluding Law Schools)  |d vLex Global (Academic Edition, Law Schools) 
650 0 4 |a Derecho Civil  |z Espaą 
740 0 |a vLex Libros (Servicio en ln̕ea) 
856 4 0 |u http://vlex.com/source/tutela-sumaria-de-la-posesion-interdicto-de-recobrar--12470  |z Acceso restringido 
942 |c BOOK 
999 0 |a Civil Law